000 00914nam a2200265Ia 4500
003 OSt
005 20220923211028.0
006 a|||||r|||| 00| 0
007 ta
008 220922b |||||||| |||| 00| 0 san d
020 _a817081648X (hbk)
_c500
024 _a349,518
037 _b257, 29/01/2019, Eastern Book Linkers
_cTextual
040 _aARTS
_cARTS
_bsan
041 _2san
_asan
082 _aO15:gxJ60,1, 152Q8
100 _aमिश्र, केशव, ले.
_9156363
245 0 _aअलंकार शेखर
246 _aAlankār shekhara
260 _aदिल्ली
_b नाग प्रकाशन
_c2018
300 _a280पृ0
_ccm.
650 _aसंस्कृत साहित्य
_9157329
942 _hO15:gxJ60,1, 152Q8
_cTEXL
_2CC
999 _c294160
_d294160